Conversation /

Bibliographic Details
Main Author: Nolasco, Rob
Other Authors: Arthur, Lois
Format: Book
Language:English
Published: Oxford : Oxford University Press, 1987.
Series:Resource books for teachers.
Subjects:

MARC

Tag First Indicator Second Indicator Subfields
LEADER 00000cam a2200000 a 4500
001 in00000007510
005 20151005090013.0
008 871012s1987 enka b 00010 eng d
020 |a 0194370968 
035 |a (OCoLC)16842844 
035 |9 AAA2005AM 
040 |a AZS  |c AZS  |d TXA  |d UtOrBLW 
049 |a TXAM  |c [A12616597] 
050 4 |a PE1128.A2  |b N58 1987 
100 1 |a Nolasco, Rob. 
245 1 0 |a Conversation /  |c Rob Nolasco & Lois Arthur. 
264 1 |a Oxford :  |b Oxford University Press,  |c 1987. 
300 |a 148 pages :  |b illustrations ;  |c 25 cm. 
336 |a text  |b txt  |2 rdacontent 
337 |a unmediated  |b n  |2 rdamedia 
338 |a volume  |b nc  |2 rdacarrier 
490 1 |a Resource books for teachers 
504 |a Bibliography: pages 145-148. 
650 0 |a English language  |x Study and teaching  |x Foreign speakers. 
650 0 |a English language  |x Spoken English  |x Study and teaching  |x Foreign speakers. 
650 0 |a Second language acquisition. 
650 0 |a Conversation. 
700 1 |a Arthur, Lois. 
830 0 |a Resource books for teachers. 
999 |a MARS 
999 f f |s 03405390-91e2-386e-8b93-2d30d4bd7cf1  |i ced4b050-2451-365b-845c-30c137fbf699  |t 0 
952 f f |p ric  |a Texas A&M University  |b Rellis Campus  |c Joint Library Facility  |s JLF  |d Remote Storage  |t 0  |e PE1128.A2 N58 1987  |h Library of Congress classification  |i unmediated -- volume  |m A14812616597 
998 f f |a PE1128.A2 N58 1987  |t 0  |l Remote Storage